Oravský Podzámok

Zobrazenie: Pohľad na rieku Oravu v popredí, vpravo v pozadí je nad ňou most. Vpravo v pozadí na druhom brehu vidno Oravský Hrad. Hradný kopec je zarastený hustými listnatými stromami. Vľavo v pozadí je malý domček medzi vysokými stromami

Bibliographic Details
Format: Postcard
Language:Slovak
PhysicalDescription:1 pohľadnica kolorovaná 9 x 14 cm
Published: Trstena V. Doránsky 1921
Series:Aquarel
Subjects:

MARC

LEADER 00000nkm a2200000 a 4500
001 vtls011995912
003 SK-MaSNL
005 20260512122613.0
007 kp ho
008 231121s1921 xo g kuslo
015 |a SNBG1921 
035 |a urn:nbn:sk:snk-km00fd9e 
035 |a urn:nbn:sk:snk-km45tmv 
035 |a 692D64E7-2E6D-480A-BA3E-C0600ABB1FCB 
040 |a SNK  |b slo  |c SNK  |e AACR2 
041 0 |a slo 
043 |a e-xo--- 
044 |a xo  |c SK 
072 7 |a 908(437)  |x Vlastiveda Česka a Slovenska  |2 konspekt 
080 |a 908(437.6)  |2 2011 
080 |a 728.81  |2 2011 
080 |a (084.121)  |2 2011 
080 |a 556.53  |2 2011 
080 |a 502.51  |2 2011 
080 |a 624.21/.8  |2 2011 
080 |a 725.95  |2 2011 
080 |a 721  |2 2011 
080 |a (282.243)  |2 2011 
245 0 0 |a Oravský Podzámok  |h grafika 
260 |a Trstena  |b V. Doránsky  |c 1921  |e Praha-Žižkov  |f G. Jilovský 
300 |a 1 pohľadnica  |b kolorovaná  |c 9 x 14 cm 
490 1 |a Aquarel 
500 |a Názvové údaje prevzaté z obrazovej časti pohľadnice 
520 8 |a Zobrazenie: Pohľad na rieku Oravu v popredí, vpravo v pozadí je nad ňou most. Vpravo v pozadí na druhom brehu vidno Oravský Hrad. Hradný kopec je zarastený hustými listnatými stromami. Vľavo v pozadí je malý domček medzi vysokými stromami 
610 2 7 |a Oravský hrad (Oravský Podzámok, Slovensko)  |2 SNKKA  |9 32353 
650 0 7 |a hrady  |2 SNKPH  |9 3039 
650 0 7 |a rieky  |2 SNKPH  |9 29644 
650 0 7 |a mosty  |2 SNKPH  |9 3015 
650 0 7 |a budovy  |2 SNKPH  |9 1283 
651 7 |a Orava (Slovensko : rieka)  |2 SNKPHgeo  |9 70927 
651 7 |a Oravský Podzámok (Slovensko)  |2 SNKPHgeo  |9 36830 
655 7 |a geografické pohľadnice  |2 SNKPH  |9 70522 
830 0 |a Aquarel  |9 343437 
852 |a Slovenská národná knižnica 
958 |a GC 
958 |a GBN 
958 |a OND 
958 |a EUIPO 
999 |c 613683  |d 615613 
952 |a SNK  |b SNK  |y PREZ  |7 0  |p 17A1284963  |o snkSP 133166  |0 0  |1 0  |4 0  |d 2020-10-05  |f 1  |l 0  |r 2026-02-23 16:30:50  |w 2026-02-23